000
00290nam a22001217a 4500
020
_a
978-969-35-2250-1
040
_c
CL
100
_a
Molvi Muhammad Hussain Azad
_9
127801
245
_a
Aab e Hayat
260
_a
Lahore
_b
San-e-Meel Publications
_c
2015
300
_a
436p.
942
_2
ddc
_c
BK
999
_c
612811
_d
612811